Antologi Cerpen Kemerdekaan
| Format: | Book |
|---|---|
| Subjects: |
MARC
| LEADER | 00000cam a2200000 7i4500 | ||
|---|---|---|---|
| 001 | 0000092254 | ||
| 005 | 20230829125254.0 | ||
| 008 | |||
| 020 | |a 9789679312232 | ||
| 041 | |a Malay | ||
| 090 | 0 | 0 | |a 899.233010803 |b KOL |
| 245 | 0 | 0 | |a Antologi Cerpen Kemerdekaan |
| 300 | |a Kual Lumpur : |b Perpustakaan Negara Mlaysia ; |c 2009. | ||
| 650 | 0 | |a Short stories, Malay |x Collections | |
| 999 | |a 0001733302 |b Book |c Adult Collection |e Cawangan Bandar Penawar | ||